Základy pedagogiky

Bibliographic Details
Main Author: Gončarov, Nikolaj Kirillovič, 1902-1972 (Author)
Other Authors: Chorvát, Cyril, 1901-1985 (Translator)
Format: Book
Language:Slovak
Russian
PhysicalDescription:409 strán 24 cm
Published: Bratislava Štátne nakladateľstvo 1950
Series:Knižnica Štátneho pedagogického ústavu v Bratislave
Subjects:

MARC

LEADER 00000cam a2200000 a 4500
001 vtls008372012
003 SK-MaSNL
005 20260301181248.0
008 250312s1950 xo f n 000 0 slo
015 |a SNBA19451955-003117 
020 |q (brožované) 
035 |a SK01SNKBKSFS20010064229 
035 |a urn:nbn:sk:snk-am3i7nm 
035 |a F88BD5D1-A410-4CBD-8D87-BCA9D7637B4D 
035 |a urn:nbn:sk:snk-am00dtw7 
035 |a SKM000066692 
040 |a SNK  |b slo  |c SNK  |e AACR2 
041 1 |a slo  |h rus 
044 |a xo  |c SK 
072 7 |a 37  |x Výchova a vzdelávanie  |2 konspekt 
080 |a 37.01  |2 2011 
080 |a (048.8)  |2 2011 
100 1 |a Gončarov, Nikolaj Kirillovič,  |d 1902-1972  |4 aut  |9 191165 
240 1 0 |a Osnovy pedagogiki  |l Slovensky 
245 1 0 |a Základy pedagogiky  |c N.K. Gončarov ; [z ruského originálu Osnovy pedagogiki ... preložil Cyril Chorvát] 
260 |a Bratislava  |b Štátne nakladateľstvo  |c 1950 
300 |a 409 strán  |c 24 cm 
366 |e 10000 kusov 
490 1 |a Knižnica Štátneho pedagogického ústavu v Bratislave  |v sv. 4 
500 |a Text čiastočne rusky ; poznámky pod čiarou 
504 |a Bibliografia na strane 397-409 ; obsahuje bibliografické odkazy 
650 0 7 |a pedagogika  |2 SNKPH  |9 955 
655 7 |a monografie  |2 SNKPH  |9 70139 
700 1 |a Chorvát, Cyril,  |d 1901-1985  |4 trl  |9 132390 
830 0 |a Knižnica Štátneho pedagogického ústavu v Bratislave  |9 426407 
852 |a Slovenská národná knižnica 
958 |a RK 
958 |a TL 
958 |a NB 
958 |a OP 
958 |a SP 
958 |a RU 
958 |a OND 
999 |c 849340  |d 851270 
952 |a SNK  |b SNK  |y PREZ  |7 0  |p 17A0837395  |o snkSC 11321  |i snkKSK 414/58  |8 3  |0 0  |1 0  |4 0  |d 2019-11-06  |f 1  |l 0  |r 2025-07-11 00:00:00  |w 2026-02-24